000 00595nam a2200193Ia 4500
008 131103s9999 xx 000 0 und d
020 _a670887617
_cRs. 1350
040 _aLoreto College
041 _aEnglish
082 _a808.83/HAL
_bLCLIB/45560
245 4 _aThe Art of the story
_b An international anthology of contemporary short stories
_cedited by Daniel Halpern
260 _aNew York
_bViking
_c1999
300 _axiii,667 p.
_c 24 cm.
650 _aShort stories
651 _aFiction - 20th century
700 _aHalpern, Daniel,ed
850 _aLCLIB/808.83/HAL
942 _cBK
999 _c16032
_d66511